Una Furtiva Lacrima Corso di sopravivenza sentimentale

Gespeichert in:
Bibliographische Detailangaben
1. Verfasser: Patrizia Carrano
Format: Buch
Sprache:Nichtbestimmte Sprache
Veröffentlicht: Rizzoli
Tags: Tag hinzufügen
Keine Tags, Fügen Sie das erste Tag hinzu!

MARC

LEADER 00000nam a2200000Ia 4500
001 R-453
003 CODICE-MESSINA
005 20260212102452.0
008 260211s9999 xx 000 0 und d
040 |c importazione_messina 
100 |a Patrizia Carrano 
245 0 |a Una Furtiva Lacrima 
245 0 |b Corso di sopravivenza sentimentale 
260 |b Rizzoli 
942 |2 ddc  |c BK 
952 |0 0  |1 0  |2 ddc  |4 0  |6 SCAFFALE_4_000000000000000__ROMANZI  |7 0  |9 31273  |a ME  |b ME  |d 2026-02-11  |l 0  |o SCAFFALE 4 - ROMANZI  |p R-453  |r 2026-02-11 23:52:27  |w 2026-02-11  |x [REVISIONARE]  |y BK 
999 |c 26937  |d 26937